000 02948cam a2200361 a 4500
999 _c20819
_d20819
001 15945962
003 OSt
005 20200515090729.0
008 091015s2010 nyuab b 001 0 eng
010 _a 2009043212
020 _a9780521644129
040 _aDLC
_coclc
_dDLC
043 _aa-su---
050 0 0 _aDS224.52
_b.A43 2010
082 0 0 _a953.805
_222
_bRAS/H
100 _aAl-Rasheed, Madawi
_92305
245 1 2 _aA history of Saudi Arabia /
_cMadawi al-Rasheed.
250 _a2nd ed.
260 _aNew York :
_bCambridge University Press,
_c2010.
300 _a 317 p. :
504 _aIncludes bibliographical references (p. 291-305) and index.
505 8 _aMachine generated contents note: Introduction; 1. Society and politics, 1744-1818 and 1824-1891; 2. The emerging state, 1902-1932; 3. Control and loyalty, 1932-1953; 4. The politics of dissent, 1953-1973; 5. From affluence to austerity, 1973-1990; 6. The Gulf War and its aftermath, 1990-2000; 7. Narratives of the state, narratives of the people; 8. The challenges of a new era; 9. Modernising authoritarian rule.
520 _a"This updated edition analyses the challenges, both internal and external, facing Saudi Arabia in the twenty-first century. Two new chapters discuss the political, economic and social developments in the aftermath of 9/11, painting a vivid picture of a country shocked by terrorism and condemned by the international community. Madawi Al-Rasheed reveals that fragmentation of royal politics, a failing economy and fermenting Islamist dissent posed serious threats to state and society in 2001. She assesses the consequent state reforms introduced under pressure of terrorism, international scrutiny and a social mobilisation of men, women and minorities struggling to shape their future against a background of repression and authoritarian rule. While Saudi Arabia is still far from establishing a fourth state, there are signs that the people are ready for a serious change that will lead them to a state of institutions rather than princes"--Provided by publisher.
650 0 _aHistory & geography
_vIslamic History
_92271
651 0 _aSaudi Arabia
_xHistory
_y21st century.
856 4 2 _3Cover image
_uhttp://assets.cambridge.org/97805217/61284/cover/9780521761284.jpg
856 4 1 _3Table of contents only
_uhttp://www.loc.gov/catdir/enhancements/fy1012/2009043212-t.html
856 4 2 _3Contributor biographical information
_uhttp://www.loc.gov/catdir/enhancements/fy1012/2009043212-b.html
856 4 2 _3Publisher description
_uhttp://www.loc.gov/catdir/enhancements/fy1012/2009043212-d.html
906 _a7
_bcbc
_corignew
_d1
_eecip
_f20
_gy-gencatlg
942 _2ddc
_cBK
_h953.805
_iRAS/H
_k953.805
_mRAS/H